Understanding folk religion : (Record no. 8882)
[ view plain ]
| 000 -LEADER | |
|---|---|
| fixed length control field | 01205cam a22003014a 4500 |
| 001 - CONTROL NUMBER | |
| control field | 11780388 |
| 003 - CONTROL NUMBER IDENTIFIER | |
| control field | GBCCL |
| 005 - DATE AND TIME OF LATEST TRANSACTION | |
| control field | 20241126110700.0 |
| 008 - FIXED-LENGTH DATA ELEMENTS--GENERAL INFORMATION | |
| fixed length control field | 990824s1999 miua b 001 0 eng |
| 010 ## - | |
| -- | 99046639 |
| 020 ## - INTERNATIONAL STANDARD BOOK NUMBER | |
| International Standard Book Number | 0801022193 |
| 040 ## - CATALOGING SOURCE | |
| Original cataloging agency | DLC |
| Transcribing agency | DLC |
| Modifying agency | DLC |
| 042 ## - | |
| -- | pcc |
| 050 00 - | |
| -- | BR127 |
| -- | .H54 1999 |
| 082 00 - DEWEY DECIMAL CLASSIFICATION NUMBER | |
| Classification number | 261.2 |
| Edition information | 21 |
| Item number | HIE |
| 100 1# - MAIN ENTRY--PERSONAL NAME | |
| Personal name | Hiebert, Paul G., |
| Dates associated with a name | 1932- |
| 9 (RLIN) | 2217 |
| 245 10 - TITLE STATEMENT | |
| Title | Understanding folk religion : |
| Remainder of title | a Christian response to popular beliefs and practices / |
| Statement of responsibility, etc. | Paul Hiebert, R. Daniel Shaw, Tite Tiénou. |
| 260 ## - PUBLICATION, DISTRIBUTION, ETC. | |
| Place of publication, distribution, etc. | Grand Rapids, Mich. : |
| Name of publisher, distributor, etc. | Baker Books, |
| Date of publication, distribution, etc. | c1999. |
| 300 ## - PHYSICAL DESCRIPTION | |
| Extent | 412 p. : |
| Other physical details | ill. ; |
| Dimensions | 23 cm. |
| 504 ## - BIBLIOGRAPHY, ETC. NOTE | |
| Bibliography, etc. note | Includes bibliographical references (p. 393-402) and index. |
| 650 #0 - SUBJECT ADDED ENTRY--TOPICAL TERM | |
| Topical term or geographic name entry element | Christianity and other religions. |
| 9 (RLIN) | 12 |
| 700 1# - ADDED ENTRY--PERSONAL NAME | |
| Personal name | Shaw, R. Daniel |
| Fuller form of name | (Robert Daniel), |
| Dates associated with a name | 1943- |
| 9 (RLIN) | 15594 |
| 700 1# - ADDED ENTRY--PERSONAL NAME | |
| Personal name | Tiénou, Tite. |
| 9 (RLIN) | 15595 |
| 906 ## - LOCAL DATA ELEMENT F, LDF (RLIN) | |
| a | 7 |
| b | cbc |
| c | orignew |
| d | 1 |
| e | ocip |
| f | 19 |
| g | y-gencatlg |
| 942 ## - ADDED ENTRY ELEMENTS (KOHA) | |
| Source of classification or shelving scheme | Dewey Decimal Classification |
| Koha item type | Books |
| Koha issues (borrowed), all copies | 5 |
| Withdrawn status | Lost status | Source of classification or shelving scheme | Damaged status | Not for loan | Home library | Current Library | Shelving location | Date acquired | Total checkouts | Full call number | Barcode | Date last seen | Date last checked out | Copy number | Price effective from | Koha item type |
|---|---|---|---|---|---|---|---|---|---|---|---|---|---|---|---|---|
| Dewey Decimal Classification | GRACE BIBLE COLLEGE | GRACE BIBLE COLLEGE | Ministry & Mission | 2022-01-12 | 5 | 261.2 HIE | 015369 | 2025-05-01 | 2024-08-23 | c.1 | 2022-01-12 | Books |